logo

Bir Sreshtho Munshi Abdur Rouf Library
Jhenaidah Cadet College

সুকান্ত-চর্চা / (Record no. 2081)

MARC details
000 -LEADER
fixed length control field 00657nam a2200229 a 4500
001 - CONTROL NUMBER
JCCL Control Number 2081
003 - CONTROL NUMBER IDENTIFIER
JCCL marc code BD-JhCC
005 - DATE AND TIME OF LATEST TRANSACTION
control field 20171030083838.0
008 - FIXED-LENGTH DATA ELEMENTS--GENERAL INFORMATION
fixed length control field 171029s1994 bg |||| ||a| 000 0 ben d
035 ## - SYSTEM CONTROL NUMBER
system control number (BD-JhCC)2081
040 ## - CATALOGING SOURCE
Original cataloging agency BD-JhCC
Modifying agency BD-JhCC
041 ## - LANGUAGE CODE
Language code of Book ben
082 ## - DEWEY DECIMAL CLASSIFICATION NUMBER
Classification number 891.4409
Author mark and Year CHU 1994
100 ## - MAIN ENTRY--PERSONAL NAME
Personal name চৌধুরী, নারায়ন
245 ## - TITLE STATEMENT
Title সুকান্ত-চর্চা /
Statement of responsibility, etc নারায়ন চৌধুরী
260 ## - PUBLICATION, DISTRIBUTION, ETC. (IMPRINT)
Place of publication, distribution, etc ঢাকা :
Name of publisher, distributor, etc মুক্তধারা,
Date of publication, distribution, etc 1994.
300 ## - PHYSICAL DESCRIPTION
Pagination 130 p. :
Dimensions 21 cm.
600 ## - SUBJECT ADDED ENTRY--PERSONAL NAME
Personal name V. Sukanta
650 ## - SUBJECT ADDED ENTRY--TOPICAL TERM
Topical term or geographic name as entry element bengali Literature
942 ## - ADDED ENTRY ELEMENTS (KOHA)
Source of classification or shelving scheme Dewey Decimal Classification
Koha item type Books
Holdings
Source of classification or shelving scheme Damaged status Not for loan Home library Current library Shelving location Date of accession Source of acquisition Cost, normal purchase price Total Checkouts Full call number Barcode Date last seen Copy number Koha item type
Dewey Decimal Classification     JCC Rouf Library JCC Rouf Library General Stacks 10/29/2017 Foundation of Tenth's Efforts 70.00   891.4409 CHU 1994 3183 10/29/2017 C-1 Books
Dewey Decimal Classification     JCC Rouf Library JCC Rouf Library General Stacks 10/30/2017 Fundation of the Tenth's Efforts 70.00   891.4409 CHU 1994 3408 10/30/2017 C-2 Books

JCC Library | Contacts | JCC Home

Last Update on 23 September 2017
Copyright @ 2017-2020 JCC Rouf Library
Rouf Library, Jhenidah Cadet College (JCC), Bangladesh